000 00927cam a2200169ua 4500
020 _c6.00
041 _aeng
_h
082 _a627.841
_bIND/CO
110 1 _aIndian Standard Institution .
_bISI
_c()
245 _aCode of practice for soil -cement lining for canals IS:7113-1973
260 _aNew Delhi :
_bIndian Standards Institution ,
_c1980.
300 _a11 ; .
365 _a6.00
504 _a
942 _cBK
999 _c7160
_d7160